ბათუმის შოთა რუსთაველის სახელმწიფო უნივერსიტეტის ბიბლიოთეკა

Linguistic Anthropology a Reader. (ბიბ.ჩანაწერი № 45349)

000 -LEADER
fixed length control field 00546nam a2200229Ia 4500
001 - CONTROL NUMBER
control field 12173
003 - CONTROL NUMBER IDENTIFIER
control field GE_BSU
008 - FIXED-LENGTH DATA ELEMENTS--GENERAL INFORMATION
fixed length control field 181216s||||||||xx |||||||||||||| ||und||
020 ## - INTERNATIONAL STANDARD BOOK NUMBER
International Standard Book Number 9781405126328
040 ## - CATALOGING SOURCE
Transcribing agency GE_BSU
080 ## - UNIVERSAL DECIMAL CLASSIFICATION NUMBER
Universal Decimal Classification number 81'42
245 ## - TITLE STATEMENT
Title Linguistic Anthropology a Reader.
245 ## - TITLE STATEMENT
Statement of responsibility, etc. Edited by Alessandro Duranti.
250 ## - EDITION STATEMENT
Edition statement Second Edition.
260 ## - PUBLICATION, DISTRIBUTION, ETC.
Place of publication, distribution, etc. Oxford.
260 ## - PUBLICATION, DISTRIBUTION, ETC.
Name of publisher, distributor, etc. Wiley-BlackWell.
260 ## - PUBLICATION, DISTRIBUTION, ETC.
Date of publication, distribution, etc. 2009
300 ## - PHYSICAL DESCRIPTION
Extent 552p;25cm.
653 ## - INDEX TERM--UNCONTROLLED
Uncontrolled term Linguistic Anthropology a Reader.
942 ## - ADDED ENTRY ELEMENTS (KOHA)
Koha item type წიგნი
ეგზემპლარები
Withdrawn status Lost status Damaged status Not for loan Date acquired Barcode Date last seen Price effective from Koha item type
        2018-12-17 36035 2018-12-17 2018-12-17 წიგნი
        2018-12-17 36036 2018-12-17 2018-12-17 წიგნი
        2018-12-17 36037 2018-12-17 2018-12-17 წიგნი
        2018-12-17 36038 2018-12-17 2018-12-17 წიგნი
        2018-12-17 36039 2018-12-17 2018-12-17 წიგნი